Literatura mexicana siglo XX: 1910-1949

Gespeichert in:
Bibliographische Detailangaben
1. Verfasser: Martínez Rodríguez, José Luis (autor)
Format: Buch
Sprache:Spanisch
Veröffentlicht: Ciudad de México Antigua Librería Robredo 1949
Schriftenreihe:Clásicos y Modernos. Creación y Crítica Literaria, 3-4
Schlagworte:
Tags: Tag hinzufügen
Keine Tags, Fügen Sie den ersten Tag hinzu!

MARC

LEADER 00000nam a2200000 a 4500
001 UCX5435
003 CL-VaPUC
008 921116e19490000MX |||||||||||||||||spa|d
082 0 4 |a Me860.9  |b MAR  |2 21 
100 |a Martínez Rodríguez, José Luis   |e autor  |9 518563 
245 1 0 |a Literatura mexicana siglo XX: 1910-1949 
300 |a 2 v 
942 |c BK 
945 |d 19921116 00:00:00 
260 |a Ciudad de México  |b Antigua Librería Robredo  |c 1949 
650 0 |a Literatura mexicana  |9 313097 
650 0 |a Historia y crítica, siglo 20  |9 269384 
583 |a last modification  |c 20111219 01:54:23  |k Rodrigo Vera 
490 0 |a Clásicos y Modernos. Creación y Crítica Literaria, 3-4 
999 |c 225682  |d 225680 
952 |0 0  |1 0  |4 0  |6 ME_860_900000000000000_MAR_1949  |7 0  |8 A  |9 223427  |a BIBEDU  |b BIBEDU  |d 2019-11-15  |h v.1  |i 2922509  |o Me860.9 MAR 1949  |p 2922509  |r 2019-11-15  |w 2019-11-15  |y BK  |k LIT 
952 |0 0  |1 0  |4 0  |6 ME_860_900000000000000_MAR_1949  |7 0  |8 A  |9 223428  |a BIBEDU  |b BIBEDU  |d 2019-11-15  |h v.2  |i 2922517  |o Me860.9 MAR 1949  |p 2922517  |r 2019-11-15  |w 2019-11-15  |y BK  |k LIT